Normal view
MARC view
Entry Nome pessoal
001 - NÚMERO DE CONTROLE
- campo de controle: 706
003 - IDENTIFICADOR DO NÚMERO DE CONTROLE
- campo de controle: Br
005 - DATA E HORÁRIO DA ÚLTIMA TRANSAÇÃO
- campo de controle: 20250328140050.0
008 - CAMPO DE DADOS FIXOS
- campo de controle de tamanho fixo: 050303|acnnnaab|8 aaaa a d
035 ## - NÚMERO DE CONTROLE DO SISTEMA
- Número de Controle do Sistema: 2005030313184539med
040 ## - FONTE DA CATALOGAÇÃO
- Instituição da catalogação original: Br
- Instituição que transcreveu o registro: Br
- Convenções de cabeçalho de assunto/tesauros: Br
100 1# - CABEÇALHO--NOME PESSOAL
- Nome pessoal: Silveira, Miroel,
- Datas associadas ao nome: 1914-1988
- Função do autor por extenso: TRADUTOR
400 1# - REMISSIVA VER--NOME PESSOAL
- Nome pessoal: Silveira, Miroel da
- Datas associadas ao nome: 1914-1988
670 ## - FONTE POSITIVA DOS DADOS
- Citação da fonte positiva dos dados: Sec. de: Gide, André. Os subterrâneos do Vaticano... 1982.
670 ## - FONTE POSITIVA DOS DADOS
- Citação da fonte positiva dos dados: Enc. de Lit. Bras., 2001
- Dados encontrados na fonte localizada no subcampo: (nasceu em Santos, SP, em 8 de maio de 1914. Contista, teatrólogo, novelista, crítico, ensaísta e tradutor)
670 ## - FONTE POSITIVA DOS DADOS
- Citação da fonte positiva dos dados: http://authorities.loc.gov 22/10/2008
- Dados encontrados na fonte localizada no subcampo: (d.n. ; rem.)
670 ## - FONTE POSITIVA DOS DADOS
- Citação da fonte positiva dos dados: http://pt.wikipedia.org/wiki/Miroel_Silveira 22/10/2008
- Dados encontrados na fonte localizada no subcampo: (Miroel Silveira nasceu em Santos, SP, em 8 de maio de 1914 e faleceu em 1988. Foi um diretor de teatro, crítico teatral e ensaísta brasileiro)
670 ## - FONTE POSITIVA DOS DADOS
- Citação da fonte positiva dos dados: http://enciclopedia.itaucultural.org.br/pessoa349659/miroel-silveira 08/08/2017
- Dados encontrados na fonte localizada no subcampo: (nasceu em Santos, SP, 1914 e falecu em São Paulo, SP, 1988 ; diretor, crítico, professor, organizador de companhias, tradutor e ator)